Automation, mechanization and data handling in microbiology / (Record no. 114495)

MARC details
000 -LEADER
fixed length control field 01112cam a2200289 4500
008 - FIXED-LENGTH DATA ELEMENTS--GENERAL INFORMATION
fixed length control field
020 ## - INTERNATIONAL STANDARD BOOK NUMBER
International Standard Book Number 0120736500 (hbk.)
049 ## - LOCAL HOLDINGS (OCLC)
Holding library MAIN
090 ## - LOCALLY ASSIGNED LC-TYPE CALL NUMBER (OCLC); LOCAL CALL NUMBER (RLIN)
Classification number (OCLC) (R) ; Classification number, CALL (RLIN) (NR) QR67.7
Local cutter number (OCLC) ; Book number/undivided call number, CALL (RLIN) AUT
003 - CONTROL NUMBER IDENTIFIER
control field
005 - DATE AND TIME OF LATEST TRANSACTION
control field 20230120203943.0
040 ## - CATALOGING SOURCE
Transcribing agency NUST
245 00 - TITLE STATEMENT
Title Automation, mechanization and data handling in microbiology /
Statement of responsibility, etc. edited by Ann Baillie and R. J. Gilbert.
260 ## - PUBLICATION, DISTRIBUTION, ETC.
Place of publication, distribution, etc. London :
Name of publisher, distributor, etc. Academic Press,
Date of publication, distribution, etc. 1970.
300 ## - PHYSICAL DESCRIPTION
Extent xiv, 233 p. :
Other physical details ill. ;
Dimensions 24 cm.
440 ## - SERIES STATEMENT/ADDED ENTRY--TITLE
Title Society for Applied Bacteriology. Technical series ;
Volume/sequential designation no. 4.
504 ## - BIBLIOGRAPHY, ETC. NOTE
Bibliography, etc. note Includes bibliographical references.
650 #0 - SUBJECT ADDED ENTRY--TOPICAL TERM
Topical term or geographic name entry element Microbiology
General subdivision Automation
-- Congresses.
650 #0 - SUBJECT ADDED ENTRY--TOPICAL TERM
Topical term or geographic name entry element Information storage and retrieval systems
General subdivision Microbiology
-- Congresses.
650 #0 - SUBJECT ADDED ENTRY--TOPICAL TERM
Topical term or geographic name entry element Microbiology
General subdivision Technique
-- Congresses.
700 1# - ADDED ENTRY--PERSONAL NAME
Personal name Baillie, Ann.
700 1# - ADDED ENTRY--PERSONAL NAME
Personal name Gilbert, R. J.
Fuller form of name (Richard John).
710 2# - ADDED ENTRY--CORPORATE NAME
Corporate name or jurisdiction name as entry element Society for Applied Bacteriology.
710 1# - ADDED ENTRY--CORPORATE NAME
Corporate name or jurisdiction name as entry element London.
Subordinate unit University.
-- Imperial College of Science and Technology.
-- Dept. of Biochemistry.
907 ## - LOCAL DATA ELEMENT G, LDG (RLIN)
a .b10231705
b 07-11-12
c 14-02-07
942 ## - ADDED ENTRY ELEMENTS (KOHA)
Koha item type Ordinary Loan Books
Call number prefix QR67.7
Call number suffix AUT
Holdings
Date last seen Total Checkouts Full call number Barcode Cost, replacement price Price effective from Koha item type Lost status Source of classification or shelving scheme Damaged status Not for loan Collection Withdrawn status Home library Current library Shelving location Date acquired Cost, normal purchase price
01/20/2023   QR67.7 AUT 92003016319 80.00 01/20/2023 BOOKS   LCC     NFIC   Medical Medical GEN 01/20/2023 80.00